Rooms : (Record no. 40150)

MARC details
000 -LEADER
fixed length control field 00753nam a22002177a 4500
005 - DATE AND TIME OF LATEST TRANSACTION
control field 20100807153421.0
010 ## - LCCN (DPL NO)
LC control number ENG-98890
020 ## - INTERNATIONAL STANDARD BOOK NUMBER
International Standard Book Number 9788190959414
Terms of availability 150.00
035 ## - SYSTEM CONTROL NUMBER
System control number EN-82422
037 ## - SOURCE OF ACQUISITION
Source of stock number/acquisition DBAD/PUB
082 ## - DEWEY DECIMAL CLASSIFICATION NUMBER
Classification number 881
100 ## - MAIN ENTRY--PERSONAL NAME
Personal name Ayyanaar, Boutha
245 ## - TITLE STATEMENT
Title Rooms :
Remainder of title mension musings /
Statement of responsibility, etc by Boutha Ayyanaar; translated by Iatha Ramakrishnan
260 ## - PUBLICATION, DISTRIBUTION, ETC. (IMPRINT)
Place of publication, distribution, etc Karur
Name of publisher, distributor, etc Meenal Publishing House
Date of publication, distribution, etc 2009
270 ## - ADDRESS
Address Mullai illam, TKP Complex, Sunga Gate
City Karur
Postal code 639005
300 ## - PHYSICAL DESCRIPTION
Extent 72p.
Dimensions 21cm (pbk)
650 ## - SUBJECT ADDED ENTRY--TOPICAL TERM
Topical term or geographic name as entry element English poetry
700 ## - ADDED ENTRY--PERSONAL NAME
Personal name Ramakrishnan, Latha
9 (RLIN) 8773
942 ## - ADDED ENTRY ELEMENTS (KOHA)
Source of classification or shelving scheme Dewey Decimal Classification
Item type English Books
Classification part 881
Call number suffix AYY
Holdings
Withdrawn status Lost status Not for loan Collection code Home library Current library Date acquired Source of acquisition Cost, normal purchase price Full call number Barcode Copy number Cost, replacement price Koha item type
    Not For Loan Non-fiction D.B.Act.Division D.B.Act.Division 07/08/2010 DBAD/PUB 150.00 881 AYY EN-82422 1 150.00 English Books

© Delhi Public Library
Hit Counter
free hit counter